ბათუმის შოთა რუსთაველის სახელმწიფო უნივერსიტეტის ბიბლიოთეკა

ქრისტიანული არქეოლოგიის VI კონფერენცია = The VI conference of christian archeology : (ბიბ.ჩანაწერი № 59899)

000 -ლიდერი
ფიქსირებული სიგრძის საკონტროლო ველი 01360nam a22002057a 4500
003 - საკონტროლო ნომრის იდენტიფიკატორი
საკონტროლო ველი Ge_BSU
005 - ბოლო ოპერაციის თარიღი და დრო
საკონტროლო ველი 20230508150240.0
008 - ფიქსირებული სიგრძის მონაცემთა ელემენტები - ზოგადი ინფორმაცია
ფიქსირებული სიგრძის საკონტროლო ველი 230508s2002 ge ||||| |||| 00| 0 geo d
041 ## - ენის კოდი
Language code of text/sound track or separate title geo
080 ## - უნივერსალური ათობითი კლასიფიკაციის ინდექსი
Universal Decimal Classification number 271.22](479.22)(063) ქ-72
245 ## - ცნობა სათაურის შესახებ
Title ქრისტიანული არქეოლოგიის VI კონფერენცია = The VI conference of christian archeology :
Remainder of title მოხსენებათა შინაარსები /
Statement of responsibility, etc [რედ.: რ. რამიშვილი, გ. ბოლქვაძე] ; საქ. მეცნ. აკად., არქეოლ. კვლევის ცენტრი.
264 ## - წარმოების, გამოცემის, დისტრიბუციის და სხვა ცნობები
გამოცემის, წარმოების, დისტრიბუციის... ადგილი თბილისი.
გამოცემის, წარმოების, დისტრიბუციის... თარიღი 2002.
300 ## - ფიზიკური აღწერა
Extent 210გვ. :
Other physical details ცხრ. ;
Dimensions 20სმ.
500 ## - ზოგადი შენიშვნა
General note ეძღვნება ქართველოლოგის მარი ბროსეს ხსოვნას, მისი დაბადებიდან 200 წლისთავის აღსანიშნავად.
653 ## - INDEX TERM--UNCONTROLLED
Uncontrolled term საქართველოს არქეოლოგია
653 ## - INDEX TERM--UNCONTROLLED
Uncontrolled term ქართული ეკლესია-მონასტრები
700 ## - ADDED ENTRY--PERSONAL NAME
Personal name რამიშვილი, რ.
Relator term რედაქტორი
9 (RLIN) 17562
700 ## - ADDED ENTRY--PERSONAL NAME
Personal name ბოლქვაძე, გ.
Relator term რედაქტორი
9 (RLIN) 10480
942 ## - ADDED ENTRY ELEMENTS (KOHA)
Source of classification or shelving scheme
Koha item type წიგნი
ეგზემპლარები
ჩამოწერის სტატუსი დაკარგული ეგზემპლარის სტატუსი კლასიფიკაციის წყარო ან თაროზე გაწყობის სქემა დაზიანების სტატუსი არ გაიცემა მუდმივი მდებარეობა (დაცვის ადგილი) ამჟამინდელი ადგილსამყოფელი თაროზე განთავსების ადგილი შეძენის თარიღი ღირებულება, შესყიდვის ნორმალური ფასი სრული შენახვის შიფრი შტრიხკოდი ბოლო ოპერაციის თარიღი ეგზემპლარის მიმდევრობითი ნომერი (კეტერი?) Uniform Resource Identifier ფასის ძალაში შესვლის თარიღი ეგზემპლარის სახეობა საჯარო შენიშვნა
          ბათუმის შოთა რუსთაველის სახელმწიფო უნივერსიტეტის მთავარი ბიბლიოთეკა ბათუმის შოთა რუსთაველის სახელმწიფო უნივერსიტეტის მთავარი ბიბლიოთეკა წიგნსაცავი 2023-05-08 4.00 271.22](479.22)(063) ქ-72 64343 2023-05-08 64343 ბსუ-ს საპატიო დოქტორის გურამ ლორთქიფანიძის საჩუქარი 2023-05-08 წიგნი 4 ლ.